[Event "Reykjavik op"]
[Site "Reykjavik"]
[Date "2018.03.13"]
[Round "8"]
[White "Tsanaclis, Albert"]
[Black "Lima, Steinar"]
[Result "1-0"]
[WhiteElo "1429"]
[BlackElo "1637"]
[PlyCount "85"]
[EventDate "2018.03.06"]
[EventType "swiss"]
[EventRounds "9"]
[EventCountry "ISL"]
[SourceTitle "CBM 183 Extra"]
[Source "ChessBase"]
[SourceDate "2018.04.19"]
[SourceVersion "1"]
[SourceVersionDate "2018.04.19"]
[SourceQuality "1"]

1. e4 e6 2. d4 d5 3. Nd2 dxe4 4. Nxe4 Nd7 5. Nf3 Ngf6 6. Nxf6+ Nxf6 7. Bd3 c5 8. 0-0 Bd7 9. Bg5 cxd4 10. Nxd4 h6 11. Bh4 Bc5 12. Nb3 Bb6 13. Be4 g5 14. Bxb7 Rb8 15. Bg3 Rxb7 16. Qf3 Nd5 17. c4 g4 18. Qxg4 Ne7 19. Rad1 Qc8 20. Rfe1 Bc6 21. c5 Bc7 22. Qd4 Rg8 23. Qd3 Bxg3 24. hxg3 Rd7 25. Nd4 Rg6 26. Qc2 Qb7 27. Re3 Nd5 28. Rb3 Nb4 29. Rxb4 Qxb4 30. Nxc6 Qb7 31. Rxd7 Qxc6 32. Rd6 Qc7 33. b4 Rg5 34. Qa4+ Ke7 35. Qd1 Kf8 36. Qf3 Rf5 37. Qd3 a5 38. a3 axb4 39. axb4 Qa7 40. Ra6 Qb7 41. b5 Rxc5 42. Qd6+ Qe7 43. Ra8+ 1-0

[Event "Reykjavik op"]
[Site "Reykjavik"]
[Date "2018.03.07"]
[Round "2"]
[White "Tsanaclis, Albert"]
[Black "Mai, Aron Thor"]
[Result "0-1"]
[WhiteElo "1429"]
[BlackElo "1975"]
[PlyCount "116"]
[EventDate "2018.03.06"]
[EventType "swiss"]
[EventRounds "9"]
[EventCountry "ISL"]
[SourceTitle "CBM 183 Extra"]
[Source "ChessBase"]
[SourceDate "2018.04.19"]
[SourceVersion "1"]
[SourceVersionDate "2018.04.19"]
[SourceQuality "1"]

1. e4 c6 2. d4 d5 3. e5 Bf5 4. Nc3 e6 5. g4 Bg6 6. Nge2 c5 7. Be3 Nc6 8. h4 h5 9. Nf4 Bh7 10. Nxh5 cxd4 11. Bxd4 Bxc2 12. Qxc2 Nxd4 13. Qa4+ Nc6 14. Bb5 Nge7 15. Nf6+ gxf6 16. exf6 Qc7 17. fxe7 Bxe7 18. h5 Rc8 19. f4 Qb6 20. 0-0-0 a6 21. Bxc6+ bxc6 22. Rhe1 Rb8 23. Re2 Kf8 24. a3 Bf6 25. Qc2 Qc5 26. Na4 Qb5 27. Qc5+ Be7 28. Qc3 Kg8 29. Qc2 a5 30. Rh2 Qb3 31. Qxc6 Qe3+ 32. Rdd2 Qxf4 33. Rhf2 Qe4 34. Qc7 Qc4+ 35. Qxc4 dxc4 36. Rc2 Rc8 37. Nb6 Rc5 38. Rxc4 Kg7 39. Rfc2 Rb5 40. Rc6 Rd8 41. R2c4 Re5 42. Kc2 Bf6 43. Kb3 Rd2 44. Rc2 Rb5+ 45. Ka4 Rxb6 46. Rxd2 Rxc6 47. Kxa5 Rc3 48. Rg2 Rb3 49. g5 Bxb2 50. g6 f5 51. h6+ Kxh6 52. g7 Bxg7 53. a4 f4 54. Ka6 f3 55. Rg3 f2 56. Rxb3 f1Q+ 57. Rb5 Qc4 58. a5 Bd4 0-1

[Event "Reykjavik op"]
[Site "Reykjavik"]
[Date "2018.03.06"]
[Round "1"]
[White "Pedersen, Lars Wisler"]
[Black "Tsanaclis, Albert"]
[Result "0-1"]
[WhiteElo "1842"]
[BlackElo "1429"]
[PlyCount "82"]
[EventDate "2018.03.06"]
[EventType "swiss"]
[EventRounds "9"]
[EventCountry "ISL"]
[SourceTitle "CBM 183 Extra"]
[Source "ChessBase"]
[SourceDate "2018.04.19"]
[SourceVersion "1"]
[SourceVersionDate "2018.04.19"]
[SourceQuality "1"]

1. e4 c5 2. Nf3 Nc6 3. d4 cxd4 4. Nxd4 g6 5. Nc3 Bg7 6. Be3 Nf6 7. Be2 0-0 8. 0-0 d5 9. exd5 Nxd5 10. Nxd5 Qxd5 11. Bf3 Qa5 12. Nxc6 bxc6 13. c3 Rb8 14. Qc1 c5 15. Bf4 e5 16. Bd2 Rd8 17. Rd1 Qb6 18. Rb1 Bf5 19. Ra1 Qxb2 20. Qxb2 Rxb2 21. Be3 Rxd1+ 22. Rxd1 Bf8 23. g4 e4 24. gxf5 exf3 25. f6 Rb6 26. h3 Rxf6 27. Rd5 Rd6 28. Re5 Rd1+ 29. Kh2 Bd6 30. Bf4 Bxe5 31. Bxe5 Rd5 32. Bf4 g5 33. Be3 h5 34. Kg3 Rf5 35. a3 Kf8 36. h4 f6 37. c4 Ke7 38. Bd2 Ke6 39. Be3 Kd6 40. Bd2 Ke5 41. Be3 Ke4 0-1

[Event "Montreal CMA Futurity ABCD"]
[Site "Montreal"]
[Date "2017.04.15"]
[Round "3"]
[White "Zhong, Kevin"]
[Black "Tsanaclis, Albert"]
[Result "1-0"]
[WhiteElo "1575"]
[BlackElo "1662"]
[PlyCount "135"]
[EventDate "2017.04.14"]
[EventType "swiss"]
[EventRounds "5"]
[EventCountry "CAN"]
[SourceTitle "EXT 2022"]
[Source "ChessBase"]
[SourceDate "2021.10.06"]
[SourceVersion "1"]
[SourceVersionDate "2021.10.06"]
[SourceQuality "1"]

1. e4 c5 2. Ne2 Nc6 3. Nbc3 e5 4. g3 g6 5. Bg2 Bg7 6. 0-0 Nge7 7. d3 d6 8. Be3 0-0 9. f4 Rb8 10. h3 b5 11. f5 gxf5 12. exf5 f6 13. g4 b4 14. Nd5 Bb7 15. g5 Nxd5 16. Bxd5+ Kh8 17. g6 Ne7 18. Bxb7 Rxb7 19. Ng3 Nxg6 20. fxg6 hxg6 21. h4 Qc8 22. Kg2 Kh7 23. h5 Rh8 24. Rh1 f5 25. hxg6+ Kxg6 26. Rxh8 Qxh8 27. Qf3 Rf7 28. Rh1 Qg8 29. Nh5 Rd7 30. Qg3+ Kf7 31. Bh6 Bh8 32. Qxg8+ Kxg8 33. Bg5 Kf7 34. Ng3 Kg6 35. Rxh8 Kxg5 36. Rh5+ Kg4 37. Rxf5 Rg7 38. Rf1 Kh4 39. Rh1+ Kg4 40. Rg1 Kf4 41. Kf2 Rf7 42. Ke2 Rh7 43. Rh1 Rd7 44. Ne4 Kf5 45. Rh6 d5 46. Rf6+ Kg4 47. Nf2+ Kg5 48. Rc6 c4 49. dxc4 Kf5 50. cxd5 Rxd5 51. Rc4 a5 52. Nd3 e4 53. Nf2 Ke6 54. Nxe4 Re5 55. Kd3 Rh5 56. Rc6+ Ke7 57. Ra6 Kd8 58. Rc6 Rf5 59. Rc5 Rf3+ 60. Ke2 Rf4 61. Ke3 Rh4 62. Rxa5 Kc7 63. Rb5 Rh3+ 64. Kd4 Rh2 65. Kd3 Rh3+ 66. Kd4 Rh2 67. Rxb4 Rxc2 68. Rc4+ 1-0

[Event "Montreal CMA Futurity ABCD"]
[Site "Montreal"]
[Date "2017.04.14"]
[Round "2"]
[White "Tsypin, Allison"]
[Black "Tsanaclis, Albert"]
[Result "1/2-1/2"]
[WhiteElo "1299"]
[BlackElo "1662"]
[PlyCount "49"]
[EventDate "2017.04.14"]
[EventType "swiss"]
[EventRounds "5"]
[EventCountry "CAN"]
[SourceTitle "EXT 2022"]
[Source "ChessBase"]
[SourceDate "2021.10.06"]
[SourceVersion "1"]
[SourceVersionDate "2021.10.06"]
[SourceQuality "1"]

1. e4 c5 2. Nf3 Nc6 3. d4 cxd4 4. Nxd4 g6 5. Nc3 Bg7 6. Be3 Nf6 7. Be2 d5 8. exd5 Nxd5 9. Nxd5 Qxd5 10. Nxc6 bxc6 11. Qxd5 cxd5 12. Bf3 e6 13. Rb1 Ba6 14. Be2 Bxe2 15. Kxe2 d4 16. Bd2 0-0 17. Rhd1 Rfd8 18. Bb4 a5 19. Be1 Rd5 20. c3 Rad8 21. cxd4 Bxd4 22. Bc3 Re5+ 23. Kf1 Red5 24. Rxd4 Rxd4 25. Bxd4 1/2-1/2

[Event "Quebec op U1700"]
[Site "Montreal"]
[Date "2016.07.28"]
[Round "7.11"]
[White "Yu, Xi Ming"]
[Black "Tsanaclis, Albert"]
[Result "1-0"]
[WhiteElo "1492"]
[BlackElo "1692"]
[PlyCount "79"]
[EventDate "2016.07.23"]
[EventType "swiss"]
[EventRounds "8"]
[EventCountry "CAN"]
[SourceTitle "EXT 2022"]
[Source "ChessBase"]
[SourceDate "2021.10.06"]
[SourceVersion "1"]
[SourceVersionDate "2021.10.06"]
[SourceQuality "1"]

1. e4 c5 2. Nf3 Nc6 3. d4 cxd4 4. Nxd4 Nxd4 5. Qxd4 d6 6. Nc3 Nf6 7. Be3 Bd7 8. Bc4 g6 9. h3 Bg7 10. Qd2 Bc6 11. Bh6 0-0 12. Bxg7 Kxg7 13. Bd3 Qb6 14. 0-0-0 d5 15. e5 Ne4 16. Bxe4 dxe4 17. Qd4 Qa5 18. a3 Rad8 19. Qe3 Qxe5 20. Qxa7 Qg5+ 21. Qe3 Qxg2 22. Rde1 f5 23. Rhg1 Qh2 24. Rh1 Qe5 25. Rhg1 Qf6 26. Na2 Rd7 27. Nb4 Ba4 28. Rd1 Rfd8 29. Rxd7 Rxd7 30. Qa7 Bb5 31. Qc5 Be2 32. Re1 Bf3 33. Qb5 Qd4 34. Kb1 Qd2 35. Rc1 Qd6 36. c4 Rc7 37. c5 Qe5 38. a4 f4 39. c6 e3 40. Qxe5+ 1-0

[Event "Quebec op U1700"]
[Site "Montreal"]
[Date "2016.07.24"]
[Round "2.1"]
[White "Robillard, Jean Philippe"]
[Black "Tsanaclis, Albert"]
[Result "1-0"]
[WhiteElo "1529"]
[BlackElo "1692"]
[PlyCount "71"]
[EventDate "2016.07.23"]
[EventType "swiss"]
[EventRounds "8"]
[EventCountry "CAN"]
[SourceTitle "EXT 2022"]
[Source "ChessBase"]
[SourceDate "2021.10.06"]
[SourceVersion "1"]
[SourceVersionDate "2021.10.06"]
[SourceQuality "1"]

1. d4 d5 2. c4 c6 3. Nc3 Nf6 4. Nf3 dxc4 5. g3 Bf5 6. Bg2 e6 7. 0-0 Bb4 8. Ne5 Bxc3 9. bxc3 0-0 10. Ba3 Re8 11. Nxc4 Qc7 12. Bd6 Qd7 13. Be5 Ne4 14. Bxe4 Bxe4 15. Nd6 f6 16. Nxe4 fxe5 17. dxe5 Qe7 18. Nd6 Rd8 19. Qb3 b6 20. Qc4 Nd7 21. f4 Nc5 22. Rad1 Kh8 23. Rd4 Rf8 24. Rfd1 g5 25. e3 gxf4 26. exf4 Rg8 27. Qe2 Rg6 28. Qf3 Rag8 29. Qxc6 h5 30. Qf3 Qh7 31. f5 exf5 32. Qxf5 h4 33. Nf7+ Kg7 34. Ng5 Rxg5 35. Qxg5+ Kh8 36. Qf6+ 1-0

[Event "Quebec op U1700"]
[Site "Montreal"]
[Date "2016.07.23"]
[Round "1.54"]
[White "Tsanaclis, Albert"]
[Black "Hebert, Mario"]
[Result "1-0"]
[WhiteElo "1692"]
[BlackElo "1489"]
[PlyCount "81"]
[EventDate "2016.07.23"]
[EventType "swiss"]
[EventRounds "8"]
[EventCountry "CAN"]
[SourceTitle "EXT 2022"]
[Source "ChessBase"]
[SourceDate "2021.10.06"]
[SourceVersion "1"]
[SourceVersionDate "2021.10.06"]
[SourceQuality "1"]

1. e4 e6 2. d4 d5 3. Nd2 Nf6 4. e5 Nfd7 5. Bd3 c5 6. c3 Nc6 7. Ne2 Qb6 8. Nf3 cxd4 9. cxd4 f6 10. exf6 Nxf6 11. 0-0 Bd6 12. Re1 0-0 13. Nc3 Bd7 14. Re2 Rae8 15. Be3 Re7 16. Ne5 Be8 17. Rd2 a6 18. Ng4 Nxg4 19. Qxg4 Nd8 20. Bg5 Ref7 21. Bxd8 Qxd8 22. Qxe6 Bc6 23. Re2 Re8 24. Bxh7+ Kxh7 25. Qxf7 Rxe2 26. Nxe2 Qh4 27. Qf5+ Kh8 28. g3 Qe7 29. Nf4 Kg8 30. Qe6+ Qxe6 31. Nxe6 Bd7 32. Re1 Bb4 33. Re2 Bb5 34. Re5 Bd7 35. Ng5 Bc6 36. a3 Bd2 37. f4 Bc1 38. Re2 Bb5 39. Rc2 Be3+ 40. Kg2 Bxd4 41. Rc8+ 1-0